| 000 | 00000nam##2200000za#4500 |
| 001 | 9.639889 |
| 003 | CaOODSP |
| 005 | 20210624222408 |
| 007 | cr ||||||||||| |
| 008 | 150407|2001||||xxc|||||o f|0| 0 fre|d |
| 040 | |aCaOODSP|bfre |
| 043 | |an-cn--- |
| 086 | 1 |aCH24-6/2-2001F-PDF |
| 110 | 1 |aCanada.|bPatrimoine canadien. |bPolitique canadienne du sport. |
| 245 | 10|aBâtir le Canada par le sport, vers une politique canadienne du sport : |h[ressource électronique]|bsommaire du document de discussion |
| 246 | 1 |iTitre alternatif : |aLe projet de plan d'action pour le Gouvernement du Canada - Sommet National sur le sport, Ottawa 2001 |
| 260 | |aHull - Québec : |bPatrimoine canadien. |c2001. |
| 300 | |a4p. |
| 590 | |a12-14-Supp|b2012-04-10 |
| 775 | 08|t[Proposed action plan for the Government of Canada] |w(CaOODSP)9.695767 |
| 776 | 0#|tProposed action plan for the government of Canada : |w(CaOODSP)9.662833 |
| 776 | 0#|tLe projet de plan d'action pour Le gouvernement du Canada : |w(CaOODSP)9.662834 |
| 856 | 40|ahttp://publications.gc.ca|qPDF|s76 Ko|uhttps://publications.gc.ca/collections/Collection/CH24-6-2-2001F.pdf |